Ιχνογραφία, χειροτεχνία : σε νέες βάσεις
Αποθηκεύτηκε σε:
| Κύριος συγγραφέας: | |
|---|---|
| Μορφή: | Βιβλίο |
| Γλώσσα: | Greek |
| Δημοσίευση: |
Αθήναι :
Γιαννέλης,
[19--]
|
| Θέματα: | |
| Ετικέτες: |
Προσθήκη ετικέτας
Δεν υπάρχουν, Καταχωρήστε ετικέτα πρώτοι!
|
MARC
| LEADER | 00000cam a2200000 i 4500 | ||
|---|---|---|---|
| 001 | 1/94483 | ||
| 008 | 080924m19601980 gre d | ||
| 035 | |l 10100411 | ||
| 040 | |a GR-MY-UA |b gre |e aacr | ||
| 041 | 0 | |a gre | |
| 082 | 0 | |a 372.55044 |2 (22) | |
| 100 | 1 | |a Ευρυγένης, Κώστας. | |
| 245 | 1 | 0 | |a Ιχνογραφία, χειροτεχνία : |b σε νέες βάσεις / |c Κωνστ. Ευρυγένη |
| 260 | |a Αθήναι : |b Γιαννέλης, |c [19--] | ||
| 300 | |a 380 σ.; |b σχέδια, εικ.; |c 24 εκ. | ||
| 504 | |a Βιβλιογραφία: σ. 378 | ||
| 650 | 0 | 0 | |a Art |x Study and teaching (Elementary) |
| 650 | 0 | 0 | |a Handicraft |x Study and teaching (Elementary) |
| 650 | 0 | 0 | |a Painting |x Study and teaching (Elementary) |
| 852 | |a INST |b RHODES |c AKA |e 20080924 |h 372.55044 ΕΥΡ |p 005400030624 |q 005400030624 |t BK |y 0 | ||
| 901 | |a BIBL4-2008-3 | ||
| 909 | |a Ρ |b 153108 | ||
| 970 | |a ΧΑΡΙΟΠΟΛΙΤΟΥ |b ΚΩΝΣΤΑΝΤΙΝΑ |z 2008/09/24 | ||